000 00311nam a22001337a 4500
008 181009b xxu||||| |||| 00| 0 eng d
020 _a9780766831834
041 _aeng
080 _a620
100 _a26
101 _aMEK
245 _aFundamentals of Electronics DC Circuits
_cTerrell,D.L
942 _2udc
_cBK
999 _c49185
_d49185